000 00327nam a2200145 i 4500
001 bg
100 1 _aBUSZKO, Henryk
245 0 _aMoje rozmyƛlania o mieszkaniu /
_cH. Buszko.
260 _aWarszawa,
_c1982.
040 _cBPK
041 _apol
080 _a728
942 _cKS
008 s pl f |000 0 pol
999 _c21764
_d21764
856 _uhttp://koha.tu.koszalin.pl/cgi-bin/koha/opac-detail.pl?biblionumber=21764
_yKatalog online BPK